005610000a220008500045001000027000002450051000273000050000785200302001287730045004301 aHermelin Bravo, Daniel10aÓpera prima en París : Lírica colombiana aVol.0, núm.7 (Abril, 2006), Páginas 20-21 a¿Quién fue Ernesto Ponce de León? Nada menos que el autor de Ester, la primera ópera colombiana que se estrenó en 1874 con un éxito enorme pero no volvió a representarse nunca. Hasta hoy, que Rondy Torres, un joven y talentoso músico colombiano, la acaba de reestrenar en París.0 tArcadia / Andrés Felipe Solano, Editor